NFL Teams Record 2018-2019 - Statistics

General Stats
  • This quiz has been taken 465 times
  • The average score is 30 of 32
Answer Stats
Hint Answer % Correct
New England Patriots 11-5
100%
Houston Texans 11-5
100%
Kansas City Chiefs 12-4
99%
Los Angeles Chargers 12-4
99%
Chicago Bears 12-4
99%
Baltimore Ravens 10-6
98%
Indianapolis Colts 10-6
98%
Dallas Cowgirls 10-6
98%
Seattle Seahawks 10-6
98%
Los Angeles Rams 13-3
97%
New Orleans Saints 13-3
97%
New York Jets 4-12
97%
Oakland Raiders 4-12
97%
San Francisco 49ers 4-12
97%
Tennesse Titans 9-7
97%
Philadelphia Eagles 9-7
97%
Arizona Cardinals 3-13
96%
Jacksonville Jaguars 5-11
96%
New York Giants 5-11
96%
Tampa Bay Buccaneers 5-11
96%
Buffalo Bills 6-10
96%
Denver Broncos 6-10
96%
Cincinnati Bengals 6-10
96%
Detroit Lions 6-10
96%
Miami Dolphins 7-9
96%
Washington Redskins 7-9
96%
Atlanta Falcons 7-9
96%
Carolina Panthers 7-9
96%
Cleveland Browns 7-8-1
68%
Minnesota Vikings 8-7-1
68%
Pittsburgh Steelers 9-6-1
65%
Green Bay Packers 6-9-1
62%
No matching quizzes found
Score Distribution
Percent of People with Each Score
Percentile by Number Answered
Your Score History
You have not taken this quiz